Minor Oral Surgery (Record no. 21844)

MARC details
000 -LEADER
fixed length control field 00375nam a22001577a 4500
003 - CONTROL NUMBER IDENTIFIER
control field SGT
020 ## - INTERNATIONAL STANDARD BOOK NUMBER
International Standard Book Number 978-0723608233
082 ## - DEWEY DECIMAL CLASSIFICATION NUMBER
Classification number 617.525
Item number M96H
100 ## - MAIN ENTRY--PERSONAL NAME
Personal name Howe, Geoffrey
245 ## - TITLE STATEMENT
Title Minor Oral Surgery
250 ## - EDITION STATEMENT
Edition statement 3rd
260 ## - PUBLICATION, DISTRIBUTION, ETC. (IMPRINT)
Place of publication, distribution, etc DADAR (MUMBAI)
Name of publisher, distributor, etc ‎ Varghesh Publisher, John Wright
Year of Publication 1995
300 ## - PAGE DESCRIPTION
No. of Pages 1-430
650 ## - SUBJECT ADDED ENTRY--TOPICAL TERM
Topical term or geographic name as entry element ORAL SURGERY
942 ## - ADDED ENTRY ELEMENTS (KOHA)
Source of classification or shelving scheme Dewey Decimal Classification
Koha item type Books
942 ## - ADDED ENTRY ELEMENTS (KOHA)
-- 11
Holdings
Withdrawn status Lost status Source of classification or shelving scheme Damaged status Not for loan Home library Current library Shelving location Date acquired Vendor Name SGTU Total Checkouts Full call number Accession No. (Barcode) Date last seen Date last borrowed Bill Date Koha item type
    Dewey Decimal Classification     SGT Dental Library SGT Dental Library Text Book 11/09/2021 ABC SGTU 11 617.525 M96H FD8449 02/04/2025 15/03/2025 11/09/2021 Books